000 00743nam a2200217 4500
003 OSt
005 20180321095824.0
008 100311s2010 esp spa
020 _a978-99961-953-3-4
040 _aXLPV
_cBMC
082 _a611
100 1 _aVásquez Colocho, Julio César
_939434
245 1 0 _aManual de laboratorio de anatomía humana I
_cJulio César Vásquez Colocho
250 _a1ª ed
260 _aSanta Ana (El Salvador)
_bUNICAES Editores
_c2015
300 _a135 p.
_bil. col. y n.
_c28 cm
504 _aReferencias bibliográficas: p. 1083-1086
594 _1Ed. española de la obra orig. en inglés: Clinically oriented anatomy, 6th ed.
650 2 4 _aAnatomía humana
_94181
942 _2ddc
_cBK
_hprozim
999 _c25481
_d25481